00365nam a2200121Ia 4500008004100000020001500041050002100056100003700077245003400114260003700148300001900185650003900204120626s9999 xx 000 0 und d a9686669411 aDG430 bX56 1990 aXirau, Ramónd1924-1917eautor aCiudades c/ Ramón, Xirau  aMéxicob: El Colegio Nacional  a118 páginas  0aHISTORIA v(ANTIGÜEDAD)zITALIA